Statistics for Guess 40 Lyon footballers by image

Click here to take the quiz!

General Stats

  • This quiz has been taken 74 times
  • The average score is 27 of 40

Answer Stats

Answer% Correct
Xherdan Shaqiri
95%
Memphis Depay
94%
Jérôme Boateng
92%
Alexandre Lacazette
91%
Hugo Lloris
89%
Karim Benzema
89%
Lucas Paqueta
85%
Corentin Tolisso
83%
Juninho Pernambucano
82%
Nabil Fekir
82%
Ferland Mendy
80%
Mathieu Valbuena
80%
Michael Essien
80%
Samuel Umtiti
80%
Bafetimbi Gomis
77%
Houssem Aouar
77%
Anthony Lopes
75%
Miralem Pjanic
75%
Jason Denayer
74%
Bruno Guimarães
69%
Dejan Lovren
69%
Islam Slimani
68%
Tanguy Ndombele
66%
Nicolas Tagliafico
65%
Mariano Díaz
63%
Moussa Dembele
63%
Eric Abidal
57%
Rafael
55%
Jérémy Toulalan
52%
Maxime Gonalons
49%
Fabio Grosso
46%
Gregory Coupet
46%
Hatem Ben Harfa
46%
Emerson Palmieri
45%
Florent Malouda
45%
Lisandro López
45%
Sylvain Wiltord
43%
Michel Bastos
37%
Fred
29%
Mahamadou Diarra
20%

Score Distribution

Percentile by Number Answered

Percent of People with Each Score

Your Score History

You have not taken this quiz